| 000 | 00537nam a22001937a 4500 | ||
|---|---|---|---|
| 003 | NUST | ||
| 005 | 20230225104806.0 | ||
| 008 | 190806b ||||| |||| 00| 0 eng d | ||
| 038 | _aMr. Noman | ||
| 082 | _a658.4 | ||
| 100 |
_aAwais, Muhammad _919130 |
||
| 245 |
_a3G Mobile Internet in Pakistan & The Change expected _cMuhammad Awais. |
||
| 260 |
_aIslamabad: _bNBS - NUST, _c2015. |
||
| 300 |
_a28 p.: ill.; _c30cm. |
||
| 500 | _aHardcover. | ||
| 650 |
_aEMBA Thesis. _917645 |
||
| 700 |
_aRabeel Khan. _919067 |
||
| 942 |
_2ddc _cTHE |
||
| 999 |
_c527722 _d527722 |
||